| 000 | 00965nam a2200265Ia 4500 | ||
|---|---|---|---|
| 003 | OSt | ||
| 005 | 20220923211521.0 | ||
| 006 | a|||||r|||| 00| 0 | ||
| 007 | ta | ||
| 008 | 220922b |||||||| |||| 00| 0 hin d | ||
| 020 |
_a9789380852928 (hbk) _c650 |
||
| 024 | _a348,246 | ||
| 037 |
_b234, 14/01/2019, Eastern Book Linkers _cTextual |
||
| 040 |
_aARTS _cARTS _bhin |
||
| 041 |
_2hin _ahin |
||
| 082 | _aO1511:g(Y15), 152Q9 | ||
| 100 | _aसंगीता सिंह, ले. | ||
| 245 | 0 | _aपालि साहित्य में नारी | |
| 246 | _aPāli sāhitya mean nārī | ||
| 260 |
_aदिल्ली _b बुद्धिस्ट वर्ल्ड प्रेस _c2019 |
||
| 300 |
_a111पृ. _ccm. |
||
| 650 | _aपालि साहित्य | ||
| 942 |
_hO1511:g(Y15), 152Q9 _cTEXL _2CC |
||
| 999 |
_c300337 _d300337 |
||